Catálogo
 En Linea

Marketing aplicado en la educación. / (Registro nro. 51731)

Detalles MARC
000 -CABECERA
campo de control de longitud fija 00923nam a2200253 a 4500
003 - IDENTIFICADOR DEL NÚMERO DE CONTROL
campo de control DO-SdBNP
005 - FECHA Y HORA DE LA ÚLTIMA TRANSACCIÓN
campo de control 20220516122244.0
007 - CAMPO FIJO DE DESCRIPCIÓN FÍSICA--INFORMACIÓN GENERAL
campo de control de longitud fija ta
008 - DATOS DE LONGITUD FIJA--INFORMACIÓN GENERAL
campo de control de longitud fija 220516e2019 dr a|||gr|||| 001 0dspa d
020 ## - NÚMERO INTERNACIONAL ESTÁNDAR DEL LIBRO
Número Internacional Estándar del Libro 9789945804683
040 ## - FUENTE DE LA CATALOGACIÓN
Centro catalogador/agencia de origen DO-SdBNP
Lengua de catalogación spa
Centro/agencia transcriptor BNPHU
082 #4 - NÚMERO DE LA CLASIFICACIÓN DECIMAL DEWEY
Número de edición 22
Número de documento/Ítem R173m
100 1# - ENTRADA PRINCIPAL--NOMBRE DE PERSONA
Nombre de persona Ramírez Varela, Pedro Sergio,
Fechas asociadas al nombre 1951-
9 (RLIN) 81181
245 10 - MENCIÓN DE TÍTULO
Título Marketing aplicado en la educación. /
Mención de responsabilidad, etc. Santiago Sepúlveda Solano; Prólogo, Willian Peguero Mota
260 ## - PUBLICACIÓN, DISTRIBUCIÓN, ETC.
Lugar de publicación, distribución, etc. La Romana, República Dominicana :
Nombre del editor, distribuidor, etc. [s.n.],
Fecha de publicación, distribución, etc. 2019
300 ## - DESCRIPCIÓN FÍSICA
Extensión 180 p. :
Otras características físicas il. ;
Dimensiones 20 cm.
500 ## - NOTA GENERAL
Nota general Incluye datos biográficos del autor en la contracubierta.
590 ## - NOTA LOCAL (RLIN)
Nota local Inventariado 2022 / MF
650 #4 - PUNTO DE ACCESO ADICIONAL DE MATERIA--TÉRMINO DE MATERIA
Término de materia o nombre geográfico como elemento de entrada Marketing
Subdivisión general Comunicación digitales
Subdivisión geográfica República Dominicana
9 (RLIN) 81617
650 #4 - PUNTO DE ACCESO ADICIONAL DE MATERIA--TÉRMINO DE MATERIA
Término de materia o nombre geográfico como elemento de entrada Educación Tecnología
Subdivisión geográfica República Dominicana
9 (RLIN) 81618
650 #4 - PUNTO DE ACCESO ADICIONAL DE MATERIA--TÉRMINO DE MATERIA
9 (RLIN) 43390
Término de materia o nombre geográfico como elemento de entrada Redes Sociales
Subdivisión geográfica República Dominicana
910 ## - DATOS DE OPCIÓN DEL USUARIO (OCLC)
Datos de opción del usuario MFeliz
942 ## - ELEMENTOS DE PUNTO DE ACCESO ADICIONAL (KOHA)
Fuente del sistema de clasificación o colocación Dewey Decimal Classification
Tipo de ítem Koha Libro
Existencias
Estado de retiro Estado de pérdida Fuente del sistema de clasificación o colocación Restricciones de uso No para préstamo Código de colección Localización permanente Ubicación/localización actual Ubicación en estantería Fecha de adquisición Fuente de adquisición Total de préstamos Signatura topográfica completa Código de barras Fecha visto por última vez Precio válido a partir de Tipo de ítem Koha Número de copia
    Dewey Decimal Classification Excluido de préstamo   Patrimonio Dominicano Biblioteca Nacional Pedro Henríquez Ureña Biblioteca Nacional Pedro Henríquez Ureña Depósito 31.07.2019 Depósito legal   R173m 2022-2116 16.05.2022 16.05.2022 Libro  
    Dewey Decimal Classification Excluido de préstamo   Patrimonio Dominicano Biblioteca Nacional Pedro Henríquez Ureña Biblioteca Nacional Pedro Henríquez Ureña Depósito 31.07.2019 Depósito legal   R173m 2022-2117 16.05.2022 16.05.2022 Libro e.2
    Dewey Decimal Classification Préstamo en sala   Dominicana de Servicio Biblioteca Nacional Pedro Henríquez Ureña Biblioteca Nacional Pedro Henríquez Ureña Depósito 31.07.2019 Depósito legal   R173m 2022-2118 16.05.2022 16.05.2022 Libro e.3

Con tecnología Koha